Alps Countries on a Map Quiz Stats

 Plays Quiz Updated Oct 6, 2015

Challenge
Share
Tweet
Score 0/8 Timer 01:00
2 Plays Today
% Correct
Italy
91.4%
France
89.1%
Switzerland
88%
Germany
86.7%
Austria
85.5%
Monaco
82.3%
Liechtenstein
74.5%
Slovenia
73.3%

You're not logged in!

Compare scores with friends on all Sporcle quizzes.
Join for Free
OR
Log In

You Might Also Like...

Show Comments

Extras

Top Quizzes Today


Score Distribution

Your Account Isn't Verified!

In order to create a playlist on Sporcle, you need to verify the email address you used during registration. Go to your Sporcle Settings to finish the process.

Report this User

Report this user for behavior that violates our Community Guidelines.

Details: